书目信息 |
| 题名: |
电子管
|
|
| 作者: | 孟昭英 编 | |
| 分册: | 下册 | |
| 出版信息: | 龙门联合书局出版 1954 |
|
| 页数: | ||
| 开本: | 18cm | |
| 丛书名: | ||
| 单 册: | ||
| 中图分类: | TN701 | |
| 科图分类: | ||
| 主题词: | 电子电路 | |
| 电子资源: | ||
| ISBN: | ||
| 000 | 00589nam0 2200205 450 | |
| 001 | 0652927761 | |
| 005 | 20060721143215.75 | |
| 010 | @dCNY1.30 | |
| 100 | @a20060720d1954 km y0chiy0120 ea | |
| 101 | 0 | @achi |
| 200 | 1 | @a电子管@Adian zi guan@e高等学校教学用书@i下册@f孟昭英 编@Fmeng zhao ying bian |
| 210 | @c龙门联合书局出版@d1954 | |
| 215 | @d18cm | |
| 517 | 1 | @a高等学校教学用书@Agao deng xue xiao jiao xue yong shu |
| 517 | 1 | @a下册@Axia ce |
| 606 | 0 | @a电子电路 |
| 690 | @aTN701@v3 | |
| 701 | 0 | @a孟昭英@Ameng zhao ying@4编 |
| 801 | 0 | @aCN@bPFT@c20060721 |
| 905 | @a10447@dTN701@e190 | |
| 电子管:高等学校教学用书.下册/孟昭英 编.-龙门联合书局出版,1954 |
| 18cm |
| ISBN :CNY1.30 |
| ● |
| 相关链接 |
|
|
|
|
正题名:电子管
索取号:TN701/190
 
预约/预借
| 序号 | 登录号 | 条形码 | 馆藏地/架位号 | 状态 | 备注 |
| 1 | 0437818 | 204378182 | 密集书库/ [索取号:TN701/190] | 在馆 |